000 00945nam a2200229Ia 4500
001 A900-35506
003 IT-CnALBA
008 170116s9999||||xx |||||||||||||| ||und||
040 _aIT-CnALBA
_cIT-CnALBA
041 _aFRANCESE
100 _aBOSSUET JACQUES-BENIGNE VESCOVO DI MEAUX
245 0 _aCONTINUATION DE L'HISTOIRE UNIVERSELLE. TOME III.
250 _a1a ed.
260 _a AMSTERDAM
_bL'HONORÈ FRANMCOIS & FILS
_c1738 [1° Ed.:1738]
300 _a549 p.
500 _aANNI 1638 1721. CON CARTE GEOGRAFICHE CONTINUAZIONE DELLA STORIA UNIVERSALE. INDICE ANALITICO ALFABETICO DELLE MATERIE.
501 _aSocietà San Paolo EM - Piazza San Paolo, 14 - 12051 ALBA (CN) (non commercial uses only) ® Copyright 2017
520 _aANNI 1638 1721. CON CARTE GEOGRAFICHE CONTINUAZIONE DELLA STORIA UNIVERSALE. INDICE ANALITICO ALFABETICO DELLE MATERIE.
650 _aSTORIA UNIVERSALE
942 _cBK
957 _71
999 _a40270
_bSI
_g Copie: 1
_c294333
_d294333